000
00232nam a2200097Ia 4500
008
240331s9999 xx 000 0 und d
082
_a
291.5
_b
PIT
100
_a
Pitigala Vijitha Himi
245
0
_a
Prachna paramitha warrnanawa
942
_c
L
999
_c
871
_d
871